[Event "HEM 2006 A"]
[Site "Marburg"]
[Date "2006.04.13"]
[Round "7.1"]
[White "Gramlich, Sebastian"]
[Black "Rücker, Benjamin"]
[Result "1/2-1/2"]
[WhiteElo "2122"]
[BlackElo "2229"]
[PlyCount "35"]
[EventDate "2006.04.08"]
[EventType "swiss"]
[EventCountry "GER"]

1. e4 c5 2. Ne2 d6 3. Nbc3 Nf6 4. d4 cxd4 5. Nxd4 a6 6. Bg5 e6 7. f4 b5 8. e5
dxe5 9. fxe5 Qc7 10. Qe2 Nfd7 11. O-O-O Bb7 12. Qh5 g6 13. Qg4 h5 14. Qh4 Qxe5
15. Kb1 Bg7 16. Bf4 Qf6 17. Bg5 Qe5 18. Bf4 1/2-1/2

[Event "HEM 2006 A"]
[Site "Marburg"]
[Date "2006.04.13"]
[Round "7.2"]
[White "Bender, Dirk"]
[Black "Rubel, Julian"]
[Result "0-1"]
[WhiteElo "2113"]
[BlackElo "2111"]
[PlyCount "46"]
[EventDate "2006.04.08"]
[EventType "swiss"]
[EventCountry "GER"]

1. c4 c5 2. Nc3 Nf6 3. g3 e6 4. Bg2 d5 5. cxd5 exd5 6. d4 cxd4 7. Qxd4 Nc6 8.
Qd1 d4 9. Nb1 Bb4+ 10. Bd2 Bc5 11. Nh3 Qb6 12. Qc1 Bf5 13. O-O Rc8 14. Na3 Ne5
15. Ba5 Qxa5 16. Qf4 Bxh3 17. Qxe5+ Be6 18. Rac1 O-O 19. Bxb7 Qc7 20. Qxc7 Rxc7
21. b4 Bb6 22. Rxc7 Bxc7 23. Nb5 Bb6 0-1

[Event "HEM 2006 A"]
[Site "Marburg"]
[Date "2006.04.13"]
[Round "7.3"]
[White "Feicht, Arno"]
[Black "Forgach, Andreas"]
[Result "1-0"]
[WhiteElo "2107"]
[BlackElo "2095"]
[PlyCount "49"]
[EventDate "2006.04.08"]
[EventType "swiss"]
[EventCountry "GER"]

1. e4 c5 2. Nf3 Nc6 3. Bb5 g6 4. O-O Bg7 5. c3 Nf6 6. Qa4 Qc7 7. Re1 e5 8. d4
cxd4 9. cxd4 exd4 10. Bg5 O-O 11. Nbd2 h6 12. Bh4 Nh5 13. Rac1 g5 14. Bg3 Nxg3
15. hxg3 b6 16. e5 Qb7 17. Bxc6 dxc6 18. Qxd4 Be6 19. Ne4 Rfd8 20. Qe3 Bxe5 21.
Nexg5 hxg5 22. Nxe5 g4 23. Qg5+ Kf8 24. Ng6+ fxg6 25. Rxe6 1-0

[Event "HEM 2006 A"]
[Site "Marburg"]
[Date "2006.04.13"]
[Round "7.4"]
[White "Leidorf, Sebastian"]
[Black "von Kiedrowski, Klemens"]
[Result "1/2-1/2"]
[WhiteElo "1940"]
[BlackElo "2087"]
[PlyCount "36"]
[EventDate "2006.04.08"]
[EventType "swiss"]
[EventCountry "GER"]

1. e4 c5 2. Nc3 e6 3. g3 Nc6 4. Bg2 g6 5. d3 Bg7 6. Be3 d6 7. Qd2 Rb8 8. f4
Nge7 9. Nf3 Nd4 10. O-O O-O 11. Nd1 b6 12. Ne1 d5 13. c3 dxe4 14. dxe4 Ndc6 15.
Qc2 Ba6 16. Rf2 Qc7 17. Rd2 Rfd8 18. Nf2 Rxd2 1/2-1/2

[Event "HEM 2006 A"]
[Site "Marburg"]
[Date "2006.04.13"]
[Round "7.5"]
[White "Lange, Klaus"]
[Black "Muth, Andreas"]
[Result "1-0"]
[WhiteElo "2174"]
[BlackElo "2053"]
[PlyCount "43"]
[EventDate "2006.04.08"]
[EventType "swiss"]
[EventCountry "GER"]

1. Nf3 Nf6 2. b3 d6 3. d4 Bg4 4. g3 Bxf3 5. exf3 Nbd7 6. f4 g6 7. Bg2 c6 8. O-O
Bg7 9. Bb2 O-O 10. Qd3 Qc7 11. c4 e5 12. fxe5 dxe5 13. Nd2 exd4 14. Bxd4 Rad8
15. Qc2 Ne5 16. Bc3 Nd3 17. Rad1 Qb6 18. Bxf6 Nxf2 19. c5 Qb4 20. Rxf2 Bxf6 21.
Rxf6 Qd4+ 22. Rf2 1-0

[Event "HEM 2006 A"]
[Site "Marburg"]
[Date "2006.04.13"]
[Round "7.6"]
[White "Keuth, Gerd Erich"]
[Black "Bietz, Fabian"]
[Result "1/2-1/2"]
[WhiteElo "2112"]
[BlackElo "2042"]
[PlyCount "143"]
[EventDate "2006.04.08"]
[EventType "swiss"]
[EventCountry "GER"]

1. d4 Nf6 2. c4 e5 3. dxe5 Ng4 4. Bf4 Nc6 5. Nf3 Bb4+ 6. Nbd2 Qe7 7. a3 Ngxe5
8. Nxe5 Nxe5 9. e3 Bxd2+ 10. Qxd2 d6 11. Qc3 f6 12. Be2 Bf5 13. h3 g5 14. Bh5+
Bg6 15. Bxe5 Qxe5 16. Qxe5+ dxe5 17. Bxg6+ hxg6 18. O-O-O Ke7 19. Rd3 Rad8 20.
Rhd1 Rxd3 21. Rxd3 Rd8 22. Rb3 b6 23. c5 Rd5 24. cxb6 axb6 25. Rb4 Kd6 26. Kc2
Rc5+ 27. Kd2 Rd5+ 28. Ke2 Rc5 29. Kd2 f5 30. f3 b5 31. g3 Rd5+ 32. Ke2 Kc5 33.
h4 gxh4 34. Rxh4 Rd6 35. e4 Rf6 36. Ke3 g5 37. Rh5 f4+ 38. Ke2 Rg6 39. gxf4
exf4 40. Kd3 Kd6 41. b3 Ke5 42. Kc3 c6 43. a4 bxa4 44. bxa4 Kd6 45. Kd4 g4 46.
fxg4 Rxg4 47. Rh6+ Kd7 48. Rf6 Rg1 49. Rxf4 Ra1 50. Rf7+ Kc8 51. Ra7 Kb8 52.
Ra5 Kb7 53. e5 Kb6 54. Ra8 Kb7 55. Rh8 Rxa4+ 56. Kc5 Ra5+ 57. Kd6 Rd5+ 58. Ke6
Rd1 59. Rh7+ Kc8 60. Ra7 c5 61. Ra5 Rc1 62. Ke7 c4 63. Rc5+ Kb7 64. e6 Kb6 65.
Rf5 c3 66. Kf7 Rd1 67. Rf2 Rd2 68. Rf6 c2 69. e7+ Kc7 70. Rc6+ Kxc6 71. e8=Q+
Rd7+ 72. Ke6 1/2-1/2

[Event "HEM 2006 A"]
[Site "Marburg"]
[Date "2006.04.13"]
[Round "7.7"]
[White "Schoenfelder, Michael"]
[Black "Lahr, Marcus"]
[Result "1/2-1/2"]
[WhiteElo "1960"]
[BlackElo "2073"]
[PlyCount "105"]
[EventDate "2006.04.08"]
[EventType "swiss"]
[EventCountry "GER"]

1. d4 f5 2. c4 Nf6 3. Nf3 g6 4. g3 Bg7 5. Bg2 O-O 6. O-O d6 7. Nc3 c6 8. Re1
Ne4 9. Qb3 Nxc3 10. Qxc3 e5 11. dxe5 Qe8 12. Qc2 dxe5 13. e4 Na6 14. Be3 Be6
15. Ng5 f4 16. Bd2 Qe7 17. Nxe6 Qxe6 18. f3 Rad8 19. Rad1 Rf7 20. Ba5 Rdd7 21.
b3 Bf8 22. gxf4 Bc5+ 23. Kh1 exf4 24. Bc3 Bb4 25. Rg1 Bxc3 26. Qxc3 b6 27. Rd2
c5 28. Rgd1 Nb8 29. Rd5 Nc6 30. Qe1 Nb4 31. R5d2 g5 32. a3 Nc6 33. Rd5 Rg7 34.
Qf1 h5 35. Bh3 g4 36. Bg2 Ne5 37. fxg4 f3 38. Bxf3 Rdf7 39. Rxe5 Qxe5 40. Rd5
Qf4 41. Rf5 Qe3 42. Qd1 Rd7 43. Rd5 Rxd5 44. Qxd5+ Rf7 45. Bd1 h4 46. h3 Qxh3+
47. Kg1 Qg3+ 48. Kh1 h3 49. Qg5+ Rg7 50. Qd5+ Kh8 51. Qh5+ Kg8 52. Qe8+ Kh7 53.
Qh5+ 1/2-1/2

[Event "HEM 2006 A"]
[Site "Marburg"]
[Date "2006.04.13"]
[Round "7.8"]
[White "Wimmer, Thomas"]
[Black "Rompel, Michael"]
[Result "0-1"]
[WhiteElo "1956"]
[BlackElo "2068"]
[PlyCount "70"]
[EventDate "2006.04.08"]
[EventType "swiss"]
[EventCountry "GER"]

1. e4 c5 2. d4 cxd4 3. c3 dxc3 4. Nxc3 d6 5. Bc4 e6 6. Nf3 Be7 7. O-O Nc6 8.
Qe2 Nf6 9. Rd1 e5 10. h3 O-O 11. Bg5 Na5 12. Nxe5 Nxc4 13. Nxc4 Qc7 14. Nb5 Qc5
15. Bxf6 gxf6 16. Ncxd6 Bxd6 17. Nxd6 Be6 18. Nxb7 Qg5 19. Rd3 Kh8 20. Rg3 Qe5
21. Rc1 Rab8 22. Rc5 Qd4 23. Rh5 f5 24. exf5 Bxa2 25. f6 Qxf6 26. Rf5 Qc6 27.
Qg4 Qc1+ 28. Kh2 Qxb2 29. Rh5 Qf6 30. Qf5 Qg6 31. Qf4 Qe6 32. Qd4+ f6 33. Rh6
Rxb7 34. Re3 Qf7 35. Qh4 Bb1 0-1

[Event "HEM 2006 A"]
[Site "Marburg"]
[Date "2006.04.13"]
[Round "7.9"]
[White "Ahrends, Norbert"]
[Black "Storkebaum, Ulrike"]
[Result "1-0"]
[WhiteElo "2065"]
[BlackElo "1891"]
[PlyCount "119"]
[EventDate "2006.04.08"]
[EventType "swiss"]
[EventCountry "GER"]

1. d4 Nf6 2. c4 g6 3. Nc3 Bg7 4. e4 d6 5. f3 O-O 6. Be3 Nc6 7. Qd2 e5 8. d5 Ne7
9. Bh6 a6 10. Bxg7 Kxg7 11. O-O-O Rb8 12. g4 Bd7 13. h4 h5 14. g5 Ne8 15. f4
exf4 16. Qxf4 b5 17. Nf3 b4 18. Ne2 a5 19. Ned4 a4 20. Bd3 a3 21. b3 c5 22.
dxc6 Nxc6 23. Rhf1 Nxd4 24. Nxd4 Rc8 25. e5 Qe7 26. Rde1 Bh3 27. Rf2 d5 28. e6
dxc4 29. bxc4 Bg4 30. Qe5+ Kh7 31. exf7 Qxe5 32. Rxe5 Nd6 33. c5 Rxf7 34. Rc2
Nb7 35. Ba6 Rd8 36. Rd2 Rdf8 37. c6 Nd6 38. Kc2 Nf5 39. Ne6 Re8 40. Rd7 Nd4+
41. Nxd4 Rxe5 42. Rxf7+ Kg8 43. Rb7 Re3 44. Rxb4 Rh3 45. Bc4+ Kf8 46. Be6 Rh2+
47. Kb3 Rh3+ 48. Ka4 Bd1+ 49. Nb3 Rc3 50. Kb5 Ke7 51. Bc4 Kd6 52. Kb6 Bg4 53.
Kb7 Bf3 54. Nd4 Kc5 55. Nxf3 Kxb4 56. Ne5 Re3 57. c7 Rxe5 58. c8=Q Re4 59. Bb3
Rxh4 60. Kb6 1-0

[Event "HEM 2006 A"]
[Site "Marburg"]
[Date "2006.04.13"]
[Round "7.10"]
[White "Schmidt, Dietmar"]
[Black "Althoff, Guntram"]
[Result "0-1"]
[WhiteElo "1930"]
[BlackElo "2080"]
[PlyCount "84"]
[EventDate "2006.04.08"]
[EventType "swiss"]
[EventCountry "GER"]

1. c4 Nf6 2. g3 g6 3. Bg2 Bg7 4. Nc3 c6 5. e4 d6 6. d3 Nbd7 7. Nge2 e5 8. O-O
h5 9. Bg5 Nf8 10. d4 exd4 11. Nxd4 N8h7 12. f4 Nxg5 13. fxg5 Ng4 14. Qd2 Qb6
15. Nce2 Be6 16. Rac1 h4 17. c5 dxc5 18. Nxe6 fxe6 19. Qd6 c4+ 20. Kh1 c5 21.
Qxb6 axb6 22. Bh3 Ne3 23. Rf3 hxg3 24. Rxg3 Bxb2 25. Rxe3 Bxc1 26. Nxc1 Ke7 27.
Bg2 Rad8 28. Re1 Rd2 29. Rf1 Rh5 30. e5 Rxg5 31. Bxb7 Rxe5 32. Bf3 Re3 33. Kg1
e5 34. Rf2 Re1+ 35. Rf1 Rxf1+ 36. Kxf1 Rc2 37. Ne2 Rxa2 38. Bd5 b5 39. Nc3 Rb2
40. Ne4 Rxh2 41. Bc6 b4 42. Bb5 c3 0-1

[Event "HEM 2006 A"]
[Site "Marburg"]
[Date "2006.04.13"]
[Round "7.11"]
[White "Warnk, Torsten"]
[Black "Hoppe, Michael"]
[Result "1/2-1/2"]
[WhiteElo "2079"]
[BlackElo "1973"]
[PlyCount "102"]
[EventDate "2006.04.08"]
[EventType "swiss"]
[EventCountry "GER"]

1. d4 d5 2. Nf3 Nf6 3. Bf4 g6 4. e3 Bg7 5. c4 c6 6. Nc3 O-O 7. c5 b6 8. b4 a5
9. a3 b5 10. Bd3 Bg4 11. Be2 Nh5 12. Bg5 Nd7 13. h3 Be6 14. Nd2 Nhf6 15. Nb3 a4
16. Nd2 h6 17. Bh4 Nh7 18. Rc1 f5 19. f4 g5 20. Bg3 Nhf6 21. Nf3 gxf4 22. exf4
Ne4 23. Bh2 Nxc3 24. Rxc3 Rc8 25. Nh4 Nf6 26. Rg1 Ne4 27. Re3 Bd7 28. Ng6 Rf6
29. Ne5 Kh7 30. Bd3 Rf8 31. g4 Bxe5 32. dxe5 e6 33. Bxe4 dxe4 34. Reg3 Be8 35.
Qxd8 Rxd8 36. gxf5 exf5 37. Rg7+ Kh8 38. Rc7 Rf7 39. Rxf7 Bxf7 40. Bg3 Bb3 41.
Ke2 Bc4+ 42. Kf2 Rd2+ 43. Ke1 Ra2 44. Bh4 Ra1+ 45. Kf2 Rxg1 46. Kxg1 Kg7 47.
Be1 Kf7 48. Kf2 Ke6 49. Ke3 Bf1 50. h4 h5 51. Kd4 Bc4 1/2-1/2

[Event "HEM 2006 A"]
[Site "Marburg"]
[Date "2006.04.13"]
[Round "7.14"]
[White "Zarges, Peter"]
[Black "Michel, Stephan"]
[Result "0-1"]
[WhiteElo "1461"]
[BlackElo "1902"]
[PlyCount "72"]
[EventDate "2006.04.08"]
[EventType "swiss"]
[EventCountry "GER"]

1. e4 g6 2. d4 Bg7 3. Nf3 d6 4. c3 Nf6 5. Bd3 O-O 6. Be3 Nc6 7. h3 e5 8. d5 Ne7
9. c4 Nh5 10. Nc3 f5 11. Bg5 fxe4 12. Bxe4 Nf4 13. Bxf4 Rxf4 14. g4 Bh6 15. Qd3
a6 16. Ne2 Rf7 17. Nh4 c6 18. O-O cxd5 19. cxd5 Bd7 20. a4 Rc8 21. Ng2 Qb6 22.
b3 Rcf8 23. Ne3 Rxf2 24. Ng3 Bxe3 25. Kh1 Rxf1+ 26. Nxf1 Bf4 27. Ra2 Rc8 28.
Kg2 Qc5 29. b4 Qxb4 30. Rc2 Rxc2+ 31. Qxc2 Qc5 32. Qd1 Qc4 33. Qf3 Bxa4 34. h4
Bb5 35. Ng3 Bxg3 36. Kxg3 Qf1 0-1

[Event "HEM 2006 A"]
[Site "Marburg"]
[Date "2006.04.13"]
[Round "7.15"]
[White "Liebert, Frank"]
[Black "Reuter, Klaus"]
[Result "1/2-1/2"]
[WhiteElo "1652"]
[BlackElo "1496"]
[PlyCount "63"]
[EventDate "2006.04.08"]
[EventType "swiss"]
[EventCountry "GER"]

1. d4 Nf6 2. Nf3 e6 3. c4 d5 4. Nc3 c5 5. dxc5 Bxc5 6. cxd5 exd5 7. Bg5 Qb6 8.
e3 Qxb2 9. Rc1 Bb4 10. Bxf6 gxf6 11. Bb5+ Nc6 12. Bxc6+ bxc6 13. Qc2 Qxc2 14.
Rxc2 Bf5 15. Rc1 Rb8 16. O-O Bxc3 17. Rxc3 Rb6 18. Nd4 Bd7 19. Rfc1 O-O 20.
Nxc6 Bxc6 21. Rxc6 Rfb8 22. R6c2 Kg7 23. Kf1 Ra6 24. Ke2 Rb5 25. Kd2 Rba5 26.
Ra1 f5 27. Kd3 Kf6 28. Kd4 Ke6 29. Kc3 Ke5 30. Kb2 Rg6 31. f3 Rb6+ 32. Kc1
1/2-1/2

[Event "HEM 2006 A"]
[Site "Marburg"]
[Date "2006.04.14"]
[Round "8.1"]
[White "Feicht, Arno"]
[Black "Gramlich, Sebastian"]
[Result "0-1"]
[WhiteElo "2107"]
[BlackElo "2122"]
[PlyCount "88"]
[EventDate "2006.04.08"]
[EventType "swiss"]
[EventCountry "GER"]

1. e4 d5 2. exd5 Nf6 3. Nf3 Qxd5 4. d4 Bg4 5. Be2 Nc6 6. O-O O-O-O 7. Be3 Qh5
8. Nbd2 e5 9. h3 Bd6 10. hxg4 Nxg4 11. Ne4 Nxd4 12. Bxd4 exd4 13. Nxd6+ Rxd6
14. Nh4 f5 15. Qd3 g6 16. Qh3 Re6 17. Bc4 Rc6 18. Bd3 Ne5 19. Qg3 Re6 20. Be2
Qxe2 21. Rfe1 Qg4 22. Qxg4 fxg4 23. Re4 Rhe8 24. Rxd4 h5 25. Re4 Nc6 26. Rxe6
Rxe6 27. Kf1 Nd4 28. c3 Nf5 29. Nxf5 gxf5 30. g3 f4 31. gxf4 Rf6 32. Re1 Rxf4
33. Re8+ Kd7 34. Rg8 Rf5 35. Rg6 a5 36. a4 b5 37. b3 bxa4 38. bxa4 Rf4 39. Rg5
h4 40. Rxa5 g3 41. Rd5+ Kc6 42. Rd2 h3 43. Kg1 h2+ 44. Kh1 gxf2 0-1

[Event "HEM 2006 A"]
[Site "Marburg"]
[Date "2006.04.14"]
[Round "8.2"]
[White "Rubel, Julian"]
[Black "von Kiedrowski, Klemens"]
[Result "1/2-1/2"]
[WhiteElo "2111"]
[BlackElo "2087"]
[PlyCount "137"]
[EventDate "2006.04.08"]
[EventType "swiss"]
[EventCountry "GER"]

1. d4 d6 2. e4 Nf6 3. Nc3 c6 4. Be3 Nbd7 5. Nf3 e5 6. Bc4 Be7 7. a4 Ng4 8. Bc1
O-O 9. h3 Ngf6 10. O-O Nxe4 11. Nxe4 d5 12. Nxe5 Nxe5 13. dxe5 dxc4 14. Nd6
Bxd6 15. exd6 Be6 16. Qd4 Qa5 17. Bf4 Qd5 18. Qc3 Rfd8 19. Rad1 Qf5 20. Bg3 Rd7
21. Rfe1 a6 22. Re5 Qg6 23. Rd2 h6 24. Kh2 Kh7 25. Re3 Rg8 26. Be5 f6 27. Bg3
Bd5 28. f3 Rgd8 29. Qd4 Qf5 30. Rde2 Kg8 31. Qb6 Kh7 32. Re7 Kg6 33. Qd4 Kh7
34. Qe3 Qg6 35. Qc3 Qf5 36. Qb4 Qg6 37. b3 cxb3 38. c4 Bf7 39. Qxb3 b5 40. axb5
axb5 41. Qa3 Bxc4 42. R2e3 Qb1 43. Rxd7 Rxd7 44. Qa8 Bd5 45. Re8 Qf5 46. Re7 c5
47. Qf8 Rxe7 48. dxe7 Bc6 49. e8=Q Bxe8 50. Qxe8 b4 51. Qe2 Qd5 52. Be1 Qb3 53.
Qe7 Qd1 54. Qe3 f5 55. Bd2 Qc2 56. Kg3 Kg6 57. Kh4 Kf6 58. f4 Kf7 59. g4 fxg4
60. Kxg4 Qd1+ 61. Kg3 Qc2 62. Be1 Qg6+ 63. Kf3 Qh5+ 64. Kf2 Qd5 65. Ke2 Qa2+
66. Qd2 Qe6+ 67. Qe3 Qa2+ 68. Qd2 Qe6+ 69. Qe3 1/2-1/2

[Event "HEM 2006 A"]
[Site "Marburg"]
[Date "2006.04.14"]
[Round "8.3"]
[White "Rücker, Benjamin"]
[Black "Leidorf, Sebastian"]
[Result "1-0"]
[WhiteElo "2229"]
[BlackElo "1940"]
[PlyCount "85"]
[EventDate "2006.04.08"]
[EventType "swiss"]
[EventCountry "GER"]

1. d4 d5 2. c4 e6 3. Nf3 Nf6 4. g3 Be7 5. Bg2 O-O 6. O-O Nbd7 7. Qc2 c6 8. b3
Ne4 9. Ne1 f5 10. f3 Nef6 11. Nc3 e5 12. cxd5 Nxd5 13. Nxd5 cxd5 14. dxe5 Nxe5
15. Bb2 Bf6 16. Rd1 Be6 17. Kh1 Qa5 18. Bc3 Qb5 19. Qb2 Nd7 20. Nd3 Rac8 21.
Bxf6 Nxf6 22. Rc1 b6 23. Rxc8 Rxc8 24. Rc1 Qd7 25. Kg1 Rxc1+ 26. Qxc1 Qc8 27.
Qxc8+ Bxc8 28. Kf2 Bb7 29. Ke3 Kf7 30. Kd4 Ke6 31. e3 Kd6 32. Ne5 Ke6 33. Bf1
Ng8 34. b4 a6 35. a4 h6 36. a5 bxa5 37. bxa5 Kd6 38. Ng6 Bc8 39. Bd3 Nf6 40.
Nh4 Ng8 41. Bxf5 Bb7 42. Ng6 Nf6 43. e4 1-0

[Event "HEM 2006 A"]
[Site "Marburg"]
[Date "2006.04.14"]
[Round "8.4"]
[White "Rompel, Michael"]
[Black "Lange, Klaus"]
[Result "0-1"]
[WhiteElo "2068"]
[BlackElo "2174"]
[PlyCount "54"]
[EventDate "2006.04.08"]
[EventType "swiss"]
[EventCountry "GER"]

1. d4 Nf6 2. c3 g6 3. Nd2 d6 4. e4 Bg7 5. Bd3 e5 6. Ne2 O-O 7. O-O Nh5 8. f4
Bg4 9. Nf3 Nd7 10. h3 Bxf3 11. Rxf3 Qe7 12. f5 g5 13. Ng3 Nf4 14. Bxf4 gxf4 15.
Nh5 Qg5 16. Nxg7 Kxg7 17. Kh2 Kh8 18. Qb3 b6 19. Rg1 Qh5 20. Bc4 Nf6 21. g4
fxg3+ 22. Rfxg3 Nxe4 23. Bd5 Nxg3 24. Bxa8 Ne2 25. Rg2 Rxa8 26. Qd5 Rf8 27. Qe4
Nf4 0-1

[Event "HEM 2006 A"]
[Site "Marburg"]
[Date "2006.04.14"]
[Round "8.5"]
[White "Bietz, Fabian"]
[Black "Bender, Dirk"]
[Result "1-0"]
[WhiteElo "2042"]
[BlackElo "2113"]
[PlyCount "76"]
[EventDate "2006.04.08"]
[EventType "swiss"]
[EventCountry "GER"]

1. d4 c5 2. c3 Nf6 3. Bg5 cxd4 4. Bxf6 exf6 5. cxd4 Bb4+ 6. Nc3 Bxc3+ 7. bxc3
O-O 8. g3 d5 9. Bg2 Be6 10. e3 Qd7 11. Rb1 Rc8 12. Ne2 Na6 13. Qd2 Rc4 14. O-O
Rac8 15. Rb3 b6 16. Nf4 Nb8 17. Rc1 Nc6 18. Qb2 Ra4 19. Rb5 Ne7 20. Qb3 Rac4
21. Rb4 Qc6 22. Rxc4 Qxc4 23. Qa3 Qc7 24. Qb4 a5 25. Qa3 b5 26. Rb1 b4 27. cxb4
Qc2 28. Rf1 a4 29. b5 Nf5 30. Nxd5 Bxd5 31. Bxd5 Rc3 32. Qb4 h5 33. Qb1 Nxe3
34. fxe3 Qd2 35. Qe1 Qd3 36. Be4 Qc4 37. b6 h4 38. b7 Qc7 1-0

[Event "HEM 2006 A"]
[Site "Marburg"]
[Date "2006.04.14"]
[Round "8.6"]
[White "Forgach, Andreas"]
[Black "Keuth, Gerd Erich"]
[Result "1/2-1/2"]
[WhiteElo "2095"]
[BlackElo "2112"]
[PlyCount "152"]
[EventDate "2006.04.08"]
[EventType "swiss"]
[EventCountry "GER"]

1. e4 c6 2. d4 d5 3. exd5 cxd5 4. Nf3 Bg4 5. c3 Nc6 6. Bd3 Nf6 7. O-O e6 8. Bg5
Bd6 9. Nbd2 Qc7 10. Qe1 a6 11. h3 Bh5 12. a4 Rb8 13. Nh4 Bf4 14. Bxf4 Qxf4 15.
g3 Qc7 16. f4 O-O 17. g4 Bg6 18. f5 exf5 19. Nxf5 Rfe8 20. Qf2 Re6 21. Rae1
Rbe8 22. Kg2 h5 23. Rxe6 Rxe6 24. g5 Ne8 25. Nf3 Qf4 26. Qg3 Qxg3+ 27. Kxg3 Nd6
28. N3h4 Ne4+ 29. Bxe4 Rxe4 30. Nxg6 fxg6 31. Nd6 Re3+ 32. Rf3 Re2 33. Rf2 Re7
34. Nc8 Re6 35. Nb6 Nxd4 36. Nxd5 Nf5+ 37. Kg2 Re5 38. Nf4 Kf7 39. Rd2 Re4 40.
Nd5 Rxa4 41. b4 Ra3 42. Nf4 Rxc3 43. Rd7+ Ke8 44. Rxb7 Nh4+ 45. Kh2 Nf3+ 46.
Kg2 Nh4+ 47. Kh2 Nf3+ 48. Kg2 Nxg5 49. Nxg6 Rxh3 50. Rxg7 Rb3 51. Ra7 Rxb4 52.
Rxa6 Rg4+ 53. Kf2 Nh3+ 54. Kf3 Ng5+ 55. Kf2 Ne4+ 56. Kf3 Nc5 57. Rc6 Nd7 58.
Re6+ Kd8 59. Nf4 Rg5 60. Re1 Ne5+ 61. Ke4 Kd7 62. Rd1+ Ke7 63. Nh3 Rg3 64. Kxe5
Rxh3 65. Kf5 Ra3 66. Kg5 Ra5+ 67. Kh4 Kf6 68. Rd6+ Ke5 69. Rd8 Kf6 70. Rd6+ Ke5
71. Rd8 Kf4 72. Rf8+ Ke3 73. Re8+ Kf3 74. Rf8+ Kg2 75. Rg8+ Kh2 76. Rg5 Ra3
1/2-1/2

[Event "HEM 2006 A"]
[Site "Marburg"]
[Date "2006.04.14"]
[Round "8.7"]
[White "Althoff, Guntram"]
[Black "Ahrends, Norbert"]
[Result "1-0"]
[WhiteElo "2080"]
[BlackElo "2065"]
[PlyCount "137"]
[EventDate "2006.04.08"]
[EventType "swiss"]
[EventCountry "GER"]

1. b4 e5 2. Bb2 Bxb4 3. Bxe5 Nf6 4. Nf3 Nc6 5. Bb2 d5 6. e3 a6 7. Be2 Bg4 8.
O-O O-O 9. d3 Re8 10. Nbd2 Bd6 11. c4 Ne5 12. Nxe5 Bxe2 13. Nxf7 Bxd1 14. Nxd8
Be2 15. Rfe1 Bxd3 16. Nxb7 Bb4 17. Bd4 dxc4 18. Red1 Nd5 19. a3 Bc3 20. Rac1
Be2 21. Bxc3 Bxd1 22. Bxg7 Kxg7 23. Rxd1 Nb6 24. Rc1 Rab8 25. Na5 Re5 26. Nc6
Rd5 27. Nxb8 Rxd2 28. Kf1 a5 29. Nc6 Rd5 30. Nd4 Kf6 31. Ke2 Ke5 32. f4+ Ke4
33. Ne6 h6 34. g4 Rd6 35. f5 Rc6 36. Nd8 Rd6 37. Nb7 Rd5 38. f6 Rb5 39. f7 Rb2+
40. Kf1 Nd7 41. Rxc4+ Kf3 42. Rf4+ Kxe3 43. Nc5 Nf8 44. Rf5 Rxh2 45. Re5+ Kf3
46. Ke1 Rh1+ 47. Kd2 Rh2+ 48. Kd3 Kg2 49. Re8 Ng6 50. Nd7 Kg3 51. Ke4 Rf2 52.
Ne5 Rf4+ 53. Kd5 Nxe5 54. f8=Q Rxf8 55. Rxf8 Nxg4 56. Kc6 h5 57. Rf5 h4 58.
Rxa5 h3 59. Rh5 Ne3 60. a4 Nc4 61. Kxc7 h2 62. Kc6 Kg2 63. Kb5 Nd6+ 64. Kc5
Ne4+ 65. Kc6 h1=Q 66. Rxh1 Kxh1 67. a5 Kg2 68. a6 Kf3 69. a7 1-0

[Event "HEM 2006 A"]
[Site "Marburg"]
[Date "2006.04.14"]
[Round "8.8"]
[White "Lahr, Marcus"]
[Black "Overbeck, Christopher"]
[Result "1/2-1/2"]
[WhiteElo "2073"]
[BlackElo "1815"]
[PlyCount "44"]
[EventDate "2006.04.08"]
[EventType "swiss"]
[EventCountry "GER"]

1. c4 Nf6 2. Nc3 e6 3. e4 c5 4. Nf3 Nc6 5. d4 cxd4 6. Nxd4 Bb4 7. f3 d5 8. Nxc6
bxc6 9. cxd5 exd5 10. Qd4 Qb6 11. Be3 O-O 12. Qd2 Qa5 13. e5 Nd7 14. f4 Nc5 15.
Bxc5 Qxc5 16. a3 Bxc3 17. Qxc3 Qxc3+ 18. bxc3 Rb8 19. Bd3 f6 20. exf6 Rxf6 21.
g3 Re6+ 22. Kf2 Rb2+ 1/2-1/2

[Event "HEM 2006 A"]
[Site "Marburg"]
[Date "2006.04.14"]
[Round "8.10"]
[White "Muth, Andreas"]
[Black "Hoppe, Michael"]
[Result "1/2-1/2"]
[WhiteElo "2053"]
[BlackElo "1973"]
[PlyCount "36"]
[EventDate "2006.04.08"]
[EventType "swiss"]
[EventCountry "GER"]

1. d4 d5 2. Nf3 Nf6 3. c4 e6 4. Nc3 c5 5. cxd5 Nxd5 6. e4 Nxc3 7. bxc3 cxd4 8.
cxd4 Bb4+ 9. Bd2 Bxd2+ 10. Qxd2 O-O 11. Bc4 Nd7 12. O-O Nf6 13. Bd3 h6 14. Rac1
b6 15. Rfd1 Bb7 16. Qe2 Rc8 17. Bb1 Qe7 18. Ne5 Nd7 1/2-1/2

[Event "HEM 2006 A"]
[Site "Marburg"]
[Date "2006.04.14"]
[Round "8.11"]
[White "Michel, Stephan"]
[Black "Warnk, Torsten"]
[Result "1/2-1/2"]
[WhiteElo "1902"]
[BlackElo "2079"]
[PlyCount "111"]
[EventDate "2006.04.08"]
[EventType "swiss"]
[EventCountry "GER"]

1. e4 e6 2. Nf3 b6 3. d4 d5 4. Nc3 Bb4 5. exd5 Qxd5 6. Bd3 c5 7. O-O Bxc3 8.
bxc3 cxd4 9. cxd4 Ba6 10. Re1 Bxd3 11. Qxd3 Nd7 12. c4 Qb7 13. Ba3 O-O-O 14.
Ng5 Nh6 15. Ne4 Nf5 16. Qc3 Nf6 17. d5 Nxe4 18. Rxe4 Kb8 19. Qe5+ Qc7 20. Qxc7+
Kxc7 21. dxe6 fxe6 22. Rxe6 Rd7 23. Bb2 Rhd8 24. Be5+ Kb7 25. Re1 Rc8 26. f4
Rxc4 27. Re8 Rc2 28. g4 Nh4 29. Rf1 Ng6 30. Rf2 Rd1+ 31. Kg2 Nh4+ 32. Kg3 Rd3+
33. Kxh4 Rxf2 34. Re7+ Ka6 35. Rxg7 Rxh2+ 36. Kg5 Rd5 37. Kf5 Ra5 38. Kf6 Raxa2
39. Bb8 Raf2 40. Rxa7+ Kb5 41. f5 Rh4 42. Bg3 Rh6+ 43. Kg5 Rg2 44. Kxh6 Rxg3
45. Kg5 Rh3 46. f6 h6+ 47. Kg6 Rg3 48. f7 Rxg4+ 49. Kxh6 Rf4 50. Kg7 Rg4+ 51.
Kf8 Kb4 52. Ke8 Re4+ 53. Re7 Rf4 54. f8=Q Rxf8+ 55. Kxf8 b5 56. Rb7 1/2-1/2

[Event "HEM 2006 A"]
[Site "Marburg"]
[Date "2006.04.14"]
[Round "8.12"]
[White "Storkebaum, Ulrike"]
[Black "Wimmer, Thomas"]
[Result "1/2-1/2"]
[WhiteElo "1891"]
[BlackElo "1956"]
[PlyCount "116"]
[EventDate "2006.04.08"]
[EventType "swiss"]
[EventCountry "GER"]

1. e4 d6 2. d4 Nf6 3. Nc3 g6 4. h3 Bg7 5. Nf3 O-O 6. Be3 d5 7. e5 Ne4 8. Nxe4
dxe4 9. Ng5 c5 10. Nxe4 cxd4 11. Bxd4 Nc6 12. Bc3 Bxe5 13. Bxe5 Nxe5 14. Qxd8
Rxd8 15. f4 Nc6 16. c3 e5 17. fxe5 Nxe5 18. Be2 Nd3+ 19. Bxd3 Rxd3 20. Ke2 Rd8
21. Nc5 Rd5 22. Nb3 Bf5 23. Nd4 Re8+ 24. Kf2 b5 25. g4 Bc8 26. Rae1 Be6 27. Kg3
Bd7 28. Rxe8+ Bxe8 29. Re1 Kf8 30. a3 a5 31. h4 Bd7 32. Kf4 f5 33. gxf5 Bxf5
34. Re5 Rxe5 35. Kxe5 Bd3 36. Kf6 a4 37. Ne6+ Kg8 38. Kg5 Bc4 39. Nf4 Kg7 40.
Kg4 Bb3 41. Nd3 Bc4 42. Ne5 Bb3 43. Kf4 Kf6 44. Nd7+ Kg7 45. Nc5 Bc4 46. Ne4
Bf1 47. Ng3 Bc4 48. Kg5 Bd3 49. Nh1 h6+ 50. Kf4 Kf6 51. Nf2 Bf5 52. Nd1 g5+ 53.
hxg5+ hxg5+ 54. Kg3 Ke5 55. Ne3 Be6 56. Nc2 Ke4 57. Nd4 Bd7 58. Nf3 g4 1/2-1/2

[Event "HEM 2006 A"]
[Site "Marburg"]
[Date "2006.04.14"]
[Round "8.13"]
[White "Wolff, Peter"]
[Black "Alonzo, Desi"]
[Result "1-0"]
[WhiteElo "2005"]
[BlackElo "1525"]
[PlyCount "91"]
[EventDate "2006.04.08"]
[EventType "swiss"]
[EventCountry "GER"]

1. c4 Nf6 2. Nc3 e5 3. g3 Bc5 4. Nf3 d6 5. d3 Bf5 6. Bg5 Nbd7 7. Bxf6 Nxf6 8.
b4 Bb6 9. Bg2 c6 10. O-O h6 11. Qb3 Qd7 12. Rfe1 O-O 13. Na4 Bc7 14. Rac1 Rae8
15. e4 Bh3 16. Nc3 Nh5 17. Nh4 Be6 18. Qd1 g6 19. Rf1 Bd8 20. Nf3 Kh7 21. Ne1
Bh3 22. Nc2 Bxg2 23. Kxg2 Bg5 24. Rb1 Ng7 25. b5 h5 26. Ne3 Ne6 27. Nc2 Bd8 28.
Ne3 Ng5 29. f4 Qh3+ 30. Kh1 exf4 31. Rxf4 Ne6 32. Rf1 Bb6 33. Ng2 Bd4 34. Ne2
Be5 35. bxc6 bxc6 36. Rb7 Kg7 37. d4 Nxd4 38. Nxd4 h4 39. Nf4 Bxf4 40. gxf4 c5
41. Nf3 Rb8 42. Rxb8 Rxb8 43. Rf2 Qg4 44. Qc1 h3 45. Ng1 g5 46. Qc3+ 1-0